Online katalóg knižníc regiónu Turca

Všemohúci (Record no. 20767)

MARC details
000 -LEADER
fixed length control field 01251nam a2200361 a 4500
001 - CONTROL NUMBER
control field 20767
003 - CONTROL NUMBER IDENTIFIER
control field VRT
005 - DATE AND TIME OF LATEST TRANSACTION
control field 20260131122444.0
008 - FIXED-LENGTH DATA ELEMENTS--GENERAL INFORMATION
fixed length control field 251031s1993 xo 0 slo
015 ## - NATIONAL BIBLIOGRAPHY NUMBER
National bibliography number SNBA1993/05
020 ## - INTERNATIONAL STANDARD BOOK NUMBER
International Standard Book Number 8090047475
035 ## - SYSTEM CONTROL NUMBER
System control number SNK000014163
039 #9 - LEVEL OF BIBLIOGRAPHIC CONTROL AND CODING DETAIL [OBSOLETE]
Level of rules in bibliographic description 202510310852
Level of effort used to assign nonsubject heading access points VLOAD
Level of effort used to assign subject headings 202504141426
Level of effort used to assign classification VLOAD
Level of effort used to assign subject headings 202410221406
Level of effort used to assign classification AUTHORITY
Level of effort used to assign subject headings 202410221358
Level of effort used to assign classification AUTHORITY
040 ## - CATALOGING SOURCE
Original cataloging agency SNK
Language of cataloging slo
Transcribing agency SNK
Description conventions AACR2
041 0# - LANGUAGE CODE
Language code of text/sound track or separate title xo
044 ## - COUNTRY OF PUBLISHING/PRODUCING ENTITY CODE
MARC country code xo
ISO country code SK
080 ## - UNIVERSAL DECIMAL CLASSIFICATION NUMBER
Universal Decimal Classification number 820-3
Edition identifier 1981
100 1# - MAIN ENTRY--PERSONAL NAME
Personal name Wallace, Irving,
Dates associated with a name 1916-1990
Relationship aut
240 14 - UNIFORM TITLE
Uniform title The Almighty
Language of a work Slovensky
245 10 - TITLE STATEMENT
Title Všemohúci
Statement of responsibility, etc. Irving Wallace ; Prekl. Helena Svobodová ; Graf. upr. Marta Pavlíková ; Aut. obál. Marta Pavlíková
250 ## - EDITION STATEMENT
Edition statement [1. vyd.]
260 ## - PUBLICATION, DISTRIBUTION, ETC.
Place of publication, distribution, etc. Bratislava
Name of publisher, distributor, etc. Aktuell
Date of publication, distribution, etc. 1993
Place of manufacture Trnava
Manufacturer Polygrafické závody
300 ## - PHYSICAL DESCRIPTION
Extent 318 s.
Dimensions 21 cm
655 #7 - INDEX TERM--GENRE/FORM
Genre/form data or focus term umelecká literatúra
Source of term SNK
700 1# - ADDED ENTRY--PERSONAL NAME
Personal name Svobodová, Helena
Titles and other words associated with a name (prekladateľka)
Relationship trl
700 1# - ADDED ENTRY--PERSONAL NAME
Personal name Pavlíková, Marta
Relationship bkd
700 1# - ADDED ENTRY--PERSONAL NAME
Personal name Pavlíková, Marta
Relationship nob
942 ## - ADDED ENTRY ELEMENTS (KOHA)
Source of classification or shelving scheme Dewey Decimal Classification
Koha item type Krásna literatúra pre dospelých
Suppress in OPAC No
949 ## - LOCAL PROCESSING INFORMATION (OCLC)
6 17A0297408
9 P60, <05>, [BOOK], {605}
a snkSC 83891 D1
b snkKSP 4205/93
949 ## - LOCAL PROCESSING INFORMATION (OCLC)
6 17A1009932
a snkSC 83891
Holdings
Stav vyradenia Strata Poškodenie Spôsob nadobudnutia Domovská knižnica Aktuálna knižnica Dátum nadobudnutia Total checkouts Čiarový kód exemplára Date last seen Typ exemplára
      Dar Obecná knižnica Horná Štubňa Obecná knižnica Horná Štubňa 31.01.2026   4736200909 31.01.2026 Krásna literatúra pre dospelých
Projekt je podporený Slovenskou asociáciou knižníc
Prevádzkuje Turčianska knižnica Martin 2026